| Tag |
First Indicator |
Second Indicator |
Subfields |
| LEADER |
00000pam a2200000 a 4500 |
| 001 |
in00000069527 |
| 005 |
20151008054459.0 |
| 008 |
810108s1981 coub 00110 engm |
| 010 |
|
|
|a 80028555
|
| 020 |
|
|
|a 0313229864
|
| 035 |
|
|
|a (OCoLC)07206615
|
| 035 |
|
|
|9 AAJ0790AM
|
| 039 |
0 |
|
|a 2
|b 3
|c 3
|d 3
|e 3
|
| 040 |
|
|
|a DLC
|c DLC
|d m.c.
|d TXA
|d UtOrBLW
|
| 043 |
|
|
|a aw-----
|
| 049 |
|
|
|a TXAM
|c [1167124]
|
| 050 |
0 |
0 |
|a HD9576.N36
|b N52 1981
|
| 082 |
0 |
|
|a 330.956
|2 19
|
| 100 |
1 |
|
|a Nicholas, David,
|d 1939-
|
| 245 |
1 |
4 |
|a The Middle East, its oil, economies, and investment policies :
|b a guide to sources of financial information /
|c David Nicholas.
|
| 264 |
|
1 |
|a Westport, Conn. :
|b Greenwood Press,
|c 1981.
|
| 300 |
|
|
|a xxiv, 199 pages :
|b map ;
|c 22 cm.
|
| 336 |
|
|
|a text
|b txt
|2 rdacontent
|
| 337 |
|
|
|a unmediated
|b n
|2 rdamedia
|
| 338 |
|
|
|a volume
|b nc
|2 rdacarrier
|
| 500 |
|
|
|a Map on lining papers.
|
| 504 |
|
|
|a Includes bibliographical references and indexes.
|
| 650 |
|
0 |
|a Petroleum industry and trade
|z Middle East
|x Finance
|x Information services.
|
| 650 |
|
0 |
|a Investments
|z Middle East
|x Information services.
|
| 651 |
|
0 |
|a Middle East
|x Economic conditions
|x Information services.
|
| 999 |
|
|
|a MARS
|
| 999 |
f |
f |
|s a6dd3b11-9e6c-32c0-8d68-f6d4c12392d1
|i 6d29e963-a582-39e4-82c1-6d738f4f7453
|t 0
|
| 952 |
f |
f |
|p ric
|a Texas A&M University
|b Rellis Campus
|c Joint Library Facility
|d Remote Storage
|t 0
|e HD9576.N36 N52 1981
|h Library of Congress classification
|i unmediated -- volume
|m A14806131563
|
| 998 |
f |
f |
|a HD9576.N36 N52 1981
|t 0
|l Remote Storage
|